1690 1691 1301 1535 1747 1408 1421 1922 1042 1740 1998 1516 1540 1513 1846 1690 1982 1473 1497 1032 1563 1902 1075 1271 1944 1088 1161 1305 1263 1043 1165 1644 1113 1429 1124 1855 1902 1672 1578 1095 1955 1462 1789 1817 1586 1161 1593 1899 1922 1316 1790 1733 1927 1668 1348 1026 1948 1418 1256 1789 1094 1594 1755 1393 1820 1721 1881 1300 1859 1312 1732 1510 1827 1416 1162 1927 1154 1944 1012 1585 1045 1442 1760 1734 1711 1826 1384 1122 1263 1295 1744 1682 1742 1808 1961 1586 1699 1933 1771 BCNSPRNW ULIB Ver.6.0+V

เปลี่ยนเป็นภาษาไทย

Change to English
 แสดงรายละเอียดบรรณานุกรม
  กลับหน้าหลัก

Brief Record : Get Marc (ISO 2709) : E-mail record : QR code < ปิดหน้าต่าง
LEADER : 00000nam 2200000uu 4500
001    13399114892
003     ULIB
008    120619s||||||||th 000 0 tha d
020    9749399412
099    นว.^bอ653
100 0  อาริตา
245 00 เชลยรักทะเลทราย ^cอาริตา
945    ^p260^l0^i019247
999 ^a ใช้งานได้ทุกระบบ
รายการนี้ยังไม่มีแท็ก
คุณยังไม่ได้ล็อกอิน คุณสามารถมีกิจกรรมร่วมกับเว็บไซต์ได้ แต่ต้องล็อกอินก่อน ::
  ล็อกอิน

รายการสื่อสารสนเทศ

ลำดับที่ ประเภท เลขเรียก/บาร์โค้ด สถานที่ สถานะ
1. วิทยาศาสตร์การแพทย์ และสุขภาพ
วิทยาศาสตร์การแพทย์ และสุขภาพ
นว. อ653  
  Barcode: 019247
ห้องสมุดวิทยาเขตสวรรค์ประชารักษ์
►นวนิยาย
บนชั้น
  ขอยืม

รายการใกล้เคียง
    ผู้แต่ง [อาริตา]

BibComment


ยังไม่เคยถูกคอมเมนท์

คอมเมนท์ทรัพยากรรายการนี้
  คอมเมนท์: เชลยรักทะเลทราย ..


 Copyright 2026. Bcnsprnw @Library